| 000 | 00000nam 2200000zi 4500 |
| 001 | 9.951643 |
| 003 | CaOODSP |
| 005 | 20251031142449 |
| 006 | m o d f |
| 007 | cr cn||||||||| |
| 008 | 250530t20252025oncado ob f000 0 eng d |
| 020 | |a9780660775333 |
| 040 | |aCaOODSP|beng|erda|cCaOODSP |
| 041 | 0 |aeng|beng|bfre |
| 043 | |an-cn--- |
| 086 | 1 |aM183-2/9281E-PDF |
| 100 | 1 |aNania, L., |eauthor. |
| 245 | 10|aStandardized procedure for silt (63-10, 10-6, 6-2 µm) and clay (2-0.6, 0.6-0.2, < 0.2 µm) separations for mineral characterization and geochronology / |cL. Nania, J.W. Powell, A. Grenier, I. Bilot, and J.B. Percival. |
| 264 | 1|a[Ottawa] : |bGeological Survey of Canada, |c2025. |
| 264 | 4|c©2025 |
| 300 | |a1 online resource (i, 30 pages) : |billustrations, graphs, photographs. |
| 336 | |atext|btxt|2rdacontent |
| 337 | |acomputer|bc|2rdamedia |
| 338 | |aonline resource|bcr|2rdacarrier |
| 490 | 1 |aOpen file, |x2816-7155 ; |v9281 |
| 504 | |aIncludes bibliographical references (pages 19-22). |
| 520 | 3 |a"When dealing with clay-rich samples, separating and identifying authigenic from detrital minerals into distinct subsamples are crucial steps in elucidating geological parameters for tectonic, economic and geochronological studies. The following report outlines a clay separation procedure employed at the Geological Survey of Canada to isolate authigenic and detrital minerals into different silt and clay fractions, quantifying non-clay minerals in the separated samples, and estimating the crystallinity index of clay minerals. The grain size of the fractions obtained using this procedure are examined using a laser particle size analyzer, while the identification of their mineralogical composition is achieved using X-ray diffraction analysis. This protocol provides guidelines for clay sample preparation before chemical and geochronological analyses to determine geological processes such as: diagenesis, weathering, faulting (fault slip and fluid circulation), and host-rock alteration associated with mineralization"--Abstract, page i. |
| 650 | 0|aClay|zCanada|xAnalysis. |
| 650 | 0|aGeological time|zCanada. |
| 650 | 6|aArgile|zCanada|xAnalyse. |
| 650 | 6|aGéochronologie|zCanada. |
| 710 | 2 |aGeological Survey of Canada, |eissuing body. |
| 830 | #0|aOpen file (Geological Survey of Canada)|x2816-7155 ; |v9281.|w(CaOODSP)9.506878 |
| 856 | 40|qPDF|s2.91 MB|uhttps://publications.gc.ca/collections/collection_2025/rncan-nrcan/m183-2/M183-2-9281-eng.pdf |
| 856 | 4 |qHTML|sN/A|uhttps://doi.org/10.4095/p4uapabesk |